000 00296nam a2200133Ia 4500
005 20251222143318.0
008 251222s9999||||xx |||||||||||||| ||spa||
082 _a848.94/S26/1999
100 _aSartre, Jean Paul
245 0 _aLa NĂ¡usea
250 _a2a.ed.
264 _bLosada
942 _cLIB
999 _c15969
_d15969